Responses for Show #2141 - Monday, December 20, 1993

Jean Grewe game 1.

Contestants

[<< previous game]

Bill Nigh, a tax auditor from Levittown, Pennsylvania

Jean Grewe, a typesetter from Oak Park, Illinois

Tina Karelson, an advertising copywriter from Minneapolis, Minnesota (whose 1-day cash winnings total $8,000)

[next game >>]

Jeopardy! Round responses

MAMMALS
S.F. TV DETECTIVES
(Alex: That's San Francisco TV detectives.)
FEMININE NAMES
MISSOURI
SPECS
"H"ODGEPODGE
    $100 21
the lion

Tina
    $100 1
The Streets of San Francisco

Tina
    $100 7
Raquel

Bill
    $100 4
Jefferson City

Tina
    $100 26
Benjamin Franklin

Tina
    $100 15
Halloween

Bill
    $200 22
China

Jean
    $200 2
Ironside

Tina
    $200 12
Ashley

Bill
    $200 8
the Show Me State

Jean
    $200 27
John Lennon

Bill
    $200 16
hypnotize

Jean
    $300 23
a bull

Jean
    $300 3
Rock Hudson

Bill
    $300 13
Mimi

Tina
    $300 9
the Kansas City Chiefs

Jean
    $300 28
rose-colored glasses

Tina
    $300 17
house & home

Jean
    $400 24
a tail

Jean
    $400 5
(Bill: What is Crazy as a Fox?)

Crazy Like a Fox

TinaBill
    $500 14
(Tina: What is Rose?)

Shannon

Tina
    $400 10
St. Joseph

Bill
    $400 29
goggles

Jean
    $400 18
hush-hush

Bill
    $500 25
a wallaby

Bill
    $500 6
Checkmate

Triple Stumper
    $500 20
Zoe

Jean
    $500 11
the quail

Jean
    $500 30
pince-nez

Bill
    $500 19
a horse opera

Tina

Scores at the first commercial break (after clue 14):

Tina Jean Bill
$600 $1,000 $600

Scores at the end of the Jeopardy! Round:

Tina Jean Bill
$1,600 $3,300 $2,300

Double Jeopardy! Round responses

FRENCH HISTORY
COMPOSERS
BOOKS & AUTHORS
GEOLOGY
SIGNS & SYMBOLS
ECCLESIASTES
    $200 12
Joan of Arc

Jean
    $200 6
Gershwin

Tina
    $200 1
Ted Koppel

Jean
    $200 21
Antarctica

Jean
    $200 8
a star

Jean
    $200 26
dust

Bill
    $400 13
Lafayette

Bill
    $400 7
Rimsky-Korsakov

Bill
    $400 2
(Tina: Who is Weissmuller?)

Edgar Rice Burroughs

Tina
Triple Stumper
    $400 22
asbestos

Tina
    $400 14
the unicorn

Tina
    $400 27
the strong

Jean
    $600 18
Prussia

Tina
    $600 9
Wagner

Tina
    $600 3
(Lord Horatio) Nelson

Tina
    $600 23
a boulder

Tina
    $600 15
a rose

Tina
    $600 28
flies

Triple Stumper
    $800 19
the Seven Years' War

Jean
    $800 10
(Jean: Who is Mendelssohn?)

Jacques Offenbach

Jean
Triple Stumper
    $800 4
Cold Sassy Tree

Jean
    $800 24
the core

Tina
    $1,200 16
Sagittarius

Tina
    $2,000 29
Solomon

Jean
    $1000 20
Agincourt

Bill
    $1000 11
Sibelius

Jean
    $1000 5
(John) Grisham

Tina
    $1000 25
(Jean: What is volume?)
(Tina: What is the density?)

the mass (the weight)

TinaJean
Triple Stumper
    $1000 17
Ra

Bill
    $1000 30
cast (your bread) upon the waters

Bill

Scores at the end of the Double Jeopardy! Round:

Tina Jean Bill
$7,200 $7,300 $6,300

[wagering suggestions for these scores]

Final Jeopardy! Round responses

THE BILL OF RIGHTS
BillWho was Aaron Burr?
$1,000
TinaWho was J. Adams?
$5,401
JeanWho was John Adams?
$7,101
John Adams

Final scores:

Tina Jean Bill
$12,601 $14,401 $5,300
2nd place: trip to Scottsdale, Arizona New champion: $14,401 3rd place: Curtis Mathes LaserDisc player + Wheel of Fortune & Jeopardy! games for Super Nintendo & Sega Genesis

Game dynamics:

Coryat scores:

Tina Jean Bill
$7,300 $6,100 $6,300
20 R
(including 1 DD),
3 W
(including 1 DD)
19 R
(including 1 DD),
2 W
15 R,
1 W

Combined Coryat: $19,700

[game clues] [game scores] [suggest correction]

Game tape date: 1993-09-14
The J! Archive is created by fans, for fans. Scraping, republication, monetization, and malicious use prohibited; this site may use cookies and collect identifying information. See terms. The Jeopardy! game show and all elements thereof, including but not limited to copyright and trademark thereto, are the property of Jeopardy Productions, Inc. and are protected under law. This website is not affiliated with, sponsored by, or operated by Jeopardy Productions, Inc. Join the discussion at JBoard.tv.